Evropská centrální banka, měnová politika a euro
Vznik a organizačné začlenenie Európskej centrálnej banky. Európsky systém centrálnych bánk (ESCB). Základné ciele a nezávislosť Európskej centrálnej banky. Orgány ECB. Ciele a úlohy ECB. Menová politika ECB. Nástroje menovej politiky ECB. Menová politika a euro. Euro a vývoj cenovej hladiny v EMÚ.
Salvato in:
| Autore principale: | |
|---|---|
| Altri autori: | |
| Natura: | Capitolo di libro |
| Lingua: | ceco |
| Soggetti: | |
| Tags: |
Nessun Tag, puoi essere il primo ad aggiungerne!!
|
MARC
| LEADER | 00000naa a2200000 4500 | ||
|---|---|---|---|
| 001 | r047593 | ||
| 005 | 20231003115623.8 | ||
| 041 | 0 | |a cze | |
| 044 | |a CZ | ||
| 245 | 1 | 0 | |a Evropská centrální banka, měnová politika a euro |c Vojtech Štecher, Jitka Koderová |
| 520 | |a Vznik a organizačné začlenenie Európskej centrálnej banky. Európsky systém centrálnych bánk (ESCB). Základné ciele a nezávislosť Európskej centrálnej banky. Orgány ECB. Ciele a úlohy ECB. Menová politika ECB. Nástroje menovej politiky ECB. Menová politika a euro. Euro a vývoj cenovej hladiny v EMÚ. | ||
| 610 | 2 | 0 | |a únie menové |
| 610 | 2 | 0 | |a Európska únia |
| 610 | 2 | 0 | |a politika menová |
| 610 | 2 | 0 | |a banky centrálne |
| 610 | 2 | 0 | |a euro |
| 610 | 2 | 0 | |a nástroje finančné |
| 610 | 2 | 0 | |a sadzby úrokové |
| 100 | 1 | |a Štecher, Vojtech | |
| 700 | 1 | |a Koderová, Jitka | |